000
00275nam a22001217a 4500
008
260223b ||||| |||| 00| 0 eng d
041
_a
eng
080
_a
2.1
100
_a
20.1
101
_a
Poezi
245
_a
Migjeni Free Verse
_c
Millosh Gjergj Nikolla
942
_2
lcc
_c
BK
999
_c
60840
_d
60840